Discos de Queen por foto - Estadísticas

Estadísticas generales
  • Esta prueba ha sido intentada 49 veces
  • La puntuación promedio es 11 de 14
Estadísticas de respuestas
Imagen Respuesta % Correcto
A Night at the Opera
96%
Queen
96%
Queen II
91%
Innuendo
87%
A Day at the Races
78%
Jazz
78%
The Works
78%
A Kind of Magic
76%
Sheer Heart Attack
73%
The Game
64%
Made in Heaven
62%
The Miracle
62%
News of the World
60%
Hot Space
58%
No se encontraron pruebas coincidentes
Distribución de puntuación
Porcentaje de gente con cada puntuación
Porcentaje por número respondido
Historial de tus puntuaciones
No has intentado esta prueba.